000 00665nam a2200217 a 4500
999 _c1164
_d1164
001 1164
003 BD-JhCC
005 20171016100459.0
008 171016s1991 bg |||| |||| 000 0 ben d
035 _a(BD-JhCC)1164
040 _aBD-JhCC
_dBD-JhCC
041 _aben
082 _a891.4409
_bSHA 1991
100 _aহক, সৈয়দ শামসুল
245 _aবাংলার মুখ /
_c সৈয়দ শামসুল হক
260 _aঢাকা:
_bবিদ্যাপ্রকাশ,
_c১৯৯১.
300 _a১৪৪ পৃ . :
_c২১ সেমি.
650 _aBengali Literature
942 _2ddc
_cBK